Statistics for Numbers in Japanese (Kanji)

Click here to take the quiz!

General Stats

  • This quiz has been taken 344 times
  • The average score is 12 of 15

Answer Stats

NumberAnswer% Correct
十一11
94%
三千3,000
89%
一万10,000
87%
三十三33
87%
八百800
87%
二百七十270
84%
四千三百4,300
84%
百万1,000,000
80%
百十一111
80%
6
78%
一億100,000,000
75%
二十億2,000,000,000
73%
三十万300,000
72%
五十五55
70%
九百二十七927
64%

Score Distribution

Percentile by Number Answered

Percent of People with Each Score

Your Score History

You have not taken this quiz